00428nam a2200145 i 4500001000300000100001600003245006400019260002100083700001500104040000800119041000800127080000800135008004100143856009800184bg1 aBELCHER, R. 0aNowe metody w analizie chemicznej /cR. Belcher, C. Wilson. aWarszawa,c1958.1 aWILSON, C. cBPK apol a543 s pl f |000 0 pol  uhttp://koha.tu.koszalin.pl/cgi-bin/koha/opac-detail.pl?biblionumber=10535yKatalog online BPK